000
00319nam a2200133Ia 4500
005
20251222140036.0
008
251222s1900||||xx |||||||||||||| ||spa||
020
_a
84-451-2235-5
082
_a
232.923/H53
100
_a
Hildesheim, Juan de
245
0
_a
El Libro de los Reyes Magos
264
_b
Encuentro
942
_c
LIB
999
_c
3140
_d
3140